000 00627nam a2200277Ia 4500
005 20260324142838.0
008 008 260324s9999 xx 000 0 eng d
020 _a9781003421733
037 _aEBOOK
040 _aCRL
040 _beng
040 _cCRL
041 _2eng
041 _aeng
084 _qCRL
100 _aErik Exe Christoffersen
_91213444
245 4 _aThe Actor's Way
260 _bTaylor and Francis
260 _c1993
365 _a
365 _b160
856 _uhttp://www.taylorfrancis.com/books/9781003421733
942 _cEBOOK
999 _c1818133
_d1818133